Contabilidad para la gerencia (Registro nro. 1393)

Detalles MARC
000 -LEADER
fixed length control field 01055 a2200229 4500
001 - CONTROL NUMBER
control field 25520
005 - DATE AND TIME OF LATEST TRANSACTION
control field 20260407155539.0
008 - FIXED-LENGTH DATA ELEMENTS--GENERAL INFORMATION
fixed length control field 260407a1971 arg spa d
003 - CONTROL NUMBER IDENTIFIER
control field AR-UNSa-BCEJYS
040 ## - CATALOGING SOURCE
Original cataloging agency AR-UNSa-BCEJYS
Language of cataloging spa
Transcribing agency AR-UNSa-BCEJYS
080 ## - UNIVERSAL DECIMAL CLASSIFICATION NUMBER
Universal Decimal Classification number 657
Common auxiliary subdivision Contabilidad
041 ## - LANGUAGE CODE
Language code of text/sound track or separate title spa
100 1# - MAIN ENTRY--PERSONAL NAME
Personal name Nardelli, Jorge R.
245 10 - TITLE STATEMENT
Title Contabilidad para la gerencia
264 #1 - PRODUCTION, PUBLICATION, DISTRIBUTION, MANUFACTURE, AND COPYRIGHT NOTICE
Place of production, publication, distribution, manufacture Buenos Aires :
Name of producer, publisher, distributor, manufacturer Prolam
Date of production, publication, distribution, manufacture, or copyright notice 1971
300 ## - PHYSICAL DESCRIPTION
Extent 308 p.
Dimensions 23 cm.
505 ## - FORMATTED CONTENTS NOTE
Formatted contents note 1. Medio - 2. La transacción : Su origen y ordenamiento - 3. La pauta contable - 4. Ajustes - 5. El mayor general - 6. Depreciación y bienes de uso - 7. Balance general - 8. Participación de los accionistas - 9. El estado de resultados - 10. Estados consolidados - 11. Costos y su control - 12. Contabilidad y dirección - 13. Contabilidad presupuestaria - 14. Estado de flujo - 15. Función de la auditoría - 16. Los estados financieros : resultados.
590 ## - LOCAL NOTE (RLIN)
Local note niveau_biblio:m niveau_hierar:0
700 1# - ADDED ENTRY--PERSONAL NAME
Personal name Kohler, Eric L.
700 1# - ADDED ENTRY--PERSONAL NAME
Personal name Manzanal, Mercedes P. de
942 ## - ADDED ENTRY ELEMENTS (KOHA)
Koha item type
Existencias
Withdrawn status Lost status Damaged status Not for loan Home library Current library Shelving location Date acquired Total checkouts Full call number Barcode Date last seen Price effective from Koha item type
        Biblioteca Prof. Eusebio Cleto del Rey Biblioteca Prof. Eusebio Cleto del Rey   07/04/2026   657 K79 L23582 07/04/2026 07/04/2026 Libro